[Event "WYCC U16 Open 2013"]
[Site "Al-Ain UAE"]
[Date "2013.12.28"]
[Round "11.71"]
[White "Casanovas Cantarero, Eric"]
[Black "Shumskis, Aleksandrs"]
[Result "1-0"]
[WhiteElo "1705"]
[BlackElo "1849"]
[WhiteFideId "6900445"]
[BlackFideId "11602414"]
[EventDate "2013.12.18"]

1. e4 c5 2. Nf3 e6 3. d4 cxd4 4. Nxd4 a6 5. b3 Qc7 6. Bb2 Nf6 7. Bd3 Nc6 8. Nxc6
dxc6 9. e5 Nd7 10. Qe2 Nc5 11. O-O Nxd3 12. Qxd3 Bc5 13. Nd2 O-O 14. Ne4 Be7 15.
Rad1 Rd8 16. Qg3 Bf8 17. Rd6 Kh8 18. Rfd1 Bd7 19. Qh4 Kg8 20. Nc5 Kh8 21. Rxd7
Rxd7 22. Nxd7 Rd8 23. Qd4 c5 24. Qd2 b5 25. a3 Be7 26. Bc3 b4 27. axb4 cxb4 28.
Bxb4 Bxb4 29. Qxb4 h6 30. Qd2 a5 31. c4 Qb7 32. Qb2 Qb4 33. g3 Qb7 34. Rd2 Qb4
35. Qc2 g6 36. c5 1-0

[Event "WYCC U16 Open 2013"]
[Site "Al-Ain UAE"]
[Date "2013.12.28"]
[Round "11.72"]
[White "Samuel, Ngieng Chew Sheng"]
[Black "Volna, Lukas"]
[Result "0-1"]
[WhiteElo "1580"]
[BlackElo "1833"]
[WhiteFideId "5713978"]
[BlackFideId "14928728"]
[EventDate "2013.12.18"]

1. e4 d6 2. d4 Nf6 3. Nc3 g6 4. f3 Bg7 5. Be3 Nbd7 6. Bc4 c6 7. a3 Qc7 8. Ba2 e5
9. dxe5 Nxe5 10. Qd2 Be6 11. Bxe6 fxe6 12. b3 O-O-O 13. Qd4 Nfd7 14. O-O-O Nc5
15. Qd2 Qa5 16. Nb1 Ned3+ 0-1

[Event "WYCC U16 Open 2013"]
[Site "Al-Ain UAE"]
[Date "2013.12.28"]
[Round "11.74"]
[White "Alasgarov, Alasgar Habil"]
[Black "Lopez Popov, Ivan"]
[Result "1-0"]
[WhiteElo "1638"]
[BlackElo "1735"]
[WhiteFideId "13405675"]
[BlackFideId "4002083"]
[EventDate "2013.12.18"]

1. e4 c5 2. c3 Nf6 3. d3 d6 4. Na3 Nc6 5. Ne2 d5 6. exd5 Nxd5 7. d4 e5 8. dxe5
Nxe5 9. Nb5 Be6 10. Nf4 a6 11. Nxd5 axb5 12. Bxb5+ Nc6 13. c4 Bd6 14. O-O O-O
15. Be3 Ra5 16. Nc3 Nd4 17. b4 cxb4 18. Bxd4 bxc3 19. Bxc3 Ra3 20. Qd4 Qg5 21.
Bb2 Bxh2+ 22. Kxh2 Qh6+ 23. Kg1 Rh3 24. Qxg7+ Qxg7 25. Bxg7 Kxg7 26. gxh3 1-0